00547nam a2200169Ia 4500082001200000100002100012245007100033260005700104300001000161504002600171650003500197650003100232650003800263650002700301650003400328700001500362 aRR 0250 aRay, Malay Kanti 0aRisk reduction in an open Economy: a model for Indian investorsb: bIndian Council of Social Science Research, New Delhi av, 76 aincludes bibliography aStock price forecastingzIndia aStock price indexeszIndia aCapitalists and financierszIndia aStock exchangeszIndia aOpen market operationszIndia aRoy, Hirak